Statistics for Branches of Science

Click here to take the quiz!

General Stats

  • This quiz has been taken 3,329 times
  • The average score is 10 of 23

Answer Stats

Hint Answer % Correct
The study of animalsZoology
81%
The study of plantsBotany
72%
The study of cancerOncology
65%
The study of the atmosphere that focuses on weather processes and forecastingMeteorology
63%
The study of the history of the earth and it's life as recorded and expressed in rocksGeology
60%
The study of earthquakes and the movement of waves through EarthSeismology
60%
The study of objects and matter outside the earth's atmosphereAstronomy
59%
The study of microorganisms, including viruses, prokaryotes and simple eukaryotesMicrobiology
57%
The science of matter and its interactions with energy and itselfChemistry
55%
The study of the nervous systemNeurology
54%
The study of genes, heredity, and the variation of organismsGenetics
53%
The study of organisms and their interactions with their environment and each otherEcology
46%
The study of birdsOrnithology
46%
The study of the structure of living thingsAnatomy
43%
The study of insectsEntomology
40%
The science of studying past geological periods as they are expressed and displayed through rocks, minerals and especially fossilsPaleontology
37%
The study of climates and investigations of its phenomena and causesClimatology
35%
The study of the earth's oceans and their interlinked ecosystems and chemical and physical processesOceanography
31%
The study of the physical and chemical behavior of metallic elements, their intermetallic compounds, and their mixturesMetallurgy
18%
The study of fishIchthyology
17%
The study of cells (their anatomy, functions, etc.)Cytology
16%
The study of tissue structure and organization on a microscopic levelHistology
14%
The study of the motion of gas on objects and the forces createdAerodynamics
6%

Score Distribution

Percentile by Number Answered

Percent of People with Each Score

Your Score History

You have not taken this quiz